[Event "Vallfogona rapid op 25th"]
[Site "Vallfogona de Balaguer"]
[Date "2017.09.17"]
[Round "2"]
[White "Ferrer Font, Jordi"]
[Black "Cori, Jorge Moise"]
[Result "0-1"]
[WhiteElo "1933"]
[BlackElo "2648"]
[PlyCount "42"]
[EventDate "2017.09.17"]
[EventType "swiss (rapid)"]
[EventRounds "9"]
[EventCountry "ESP"]
[SourceTitle "CBM 180 Extra"]
[Source "ChessBase"]
[SourceDate "2017.10.06"]
[SourceVersion "1"]
[SourceVersionDate "2017.10.06"]
[SourceQuality "1"]

1. e4 c5 2. Nc3 Nc6 3. a3 e6 4. Bc4 g6 5. d3 Bg7 6. Ba2 Nge7 7. h4 h6 8. h5 g5 9. f4 gxf4 10. Bxf4 Ne5 11. Nf3 N7c6 12. Qe2 d6 13. 0-0-0 Bd7 14. Kb1 Qb6 15. Na4 Qa5 16. Bb3 Nd4 17. Nxd4 cxd4 18. Bd2 Qa6 19. Qf2 Bxa4 20. Qxd4 Bxb3 21. cxb3 Qxd3+ 0-1

[Event "Tarrega Lleida op"]
[Site "Tarrega"]
[Date "2017.05.27"]
[Round "6.2"]
[White "Cots Valls, Jordi"]
[Black "Ferrer Font, Jordi"]
[Result "0-1"]
[WhiteElo "1806"]
[BlackElo "1917"]
[PlyCount "56"]
[EventDate "2017.04.22"]
[EventType "swiss"]
[EventRounds "8"]
[EventCountry "ESP"]
[SourceTitle "EXT 2024"]
[Source "ChessBase"]
[SourceDate "2023.10.10"]
[SourceVersion "1"]
[SourceVersionDate "2023.10.10"]
[SourceQuality "1"]

1. e4 e6 2. d4 d5 3. e5 c5 4. c3 Nc6 5. Nf3 Qb6 6. Bd3 Bd7 7. Be2 Rc8 8. a3 cxd4 9. cxd4 Qc7 10. Nc3 a6 11. 0-0 f6 12. Re1 fxe5 13. Nxe5 Nf6 14. f4 Nxd4 15. Nxd7 Qxd7 16. Bd3 Bd6 17. g4 0-0 18. g5 Ne8 19. Bxh7+ Kxh7 20. Qh5+ Kg8 21. Re3 g6 22. Qxg6+ Qg7 23. Rxe6 Qxg6 24. Rxg6+ Kf7 25. Rxd6 Nxd6 26. Nxd5 Ne2+ 27. Kf2 Rxc1 28. Rxc1 Nxc1 0-1

[Event "Tarrega Lleida op"]
[Site "Tarrega"]
[Date "2017.05.20"]
[Round "5.2"]
[White "Ferrer Font, Jordi"]
[Black "Sole Gonzalez, Edgar"]
[Result "1/2-1/2"]
[WhiteElo "1917"]
[BlackElo "1964"]
[PlyCount "76"]
[EventDate "2017.04.22"]
[EventType "swiss"]
[EventRounds "8"]
[EventCountry "ESP"]
[SourceTitle "EXT 2024"]
[Source "ChessBase"]
[SourceDate "2023.10.10"]
[SourceVersion "1"]
[SourceVersionDate "2023.10.10"]
[SourceQuality "1"]

1. e4 e5 2. Nf3 Nc6 3. Bb5 a6 4. Ba4 Nf6 5. d3 b5 6. Bb3 Be7 7. 0-0 0-0 8. c3 d6 9. Nbd2 Na5 10. Bc2 c5 11. d4 Nc6 12. d5 Nb8 13. Re1 Re8 14. Nf1 Nbd7 15. Ng3 Nf8 16. a4 Bd7 17. h3 Ng6 18. a5 h6 19. Nh2 Rb8 20. Nhf1 b4 21. Ne3 bxc3 22. bxc3 Bb5 23. Nef5 Bf8 24. Bd3 Bxd3 25. Qxd3 Rb5 26. Qf3 Nh7 27. c4 Rb4 28. Bd2 Rb2 29. Bc1 Rb7 30. Re2 Qc7 31. Rb2 Rxb2 32. Bxb2 Rb8 33. Bc1 Qb7 34. h4 Qb3 35. Qxb3 Rxb3 36. Kf1 Nf6 37. f3 Rb4 38. Bd2 Rb2 1/2-1/2

[Event "Tarrega Lleida op"]
[Site "Tarrega"]
[Date "2017.04.22"]
[Round "1.6"]
[White "Escale Balcells, Jose"]
[Black "Ferrer Font, Jordi"]
[Result "0-1"]
[WhiteElo "1385"]
[BlackElo "1917"]
[PlyCount "152"]
[EventDate "2017.04.22"]
[EventType "swiss"]
[EventRounds "8"]
[EventCountry "ESP"]
[SourceTitle "EXT 2024"]
[Source "ChessBase"]
[SourceDate "2023.10.10"]
[SourceVersion "1"]
[SourceVersionDate "2023.10.10"]
[SourceQuality "1"]

1. e4 c5 2. Nc3 Nc6 3. Nf3 d6 4. h3 Nf6 5. d4 cxd4 6. Nxd4 e5 7. Nf3 Be7 8. Bc4 0-0 9. 0-0 Be6 10. Bd3 d5 11. Bg5 Nxe4 12. Bxe7 Qxe7 13. Bxe4 dxe4 14. Nxe4 Rfd8 15. Qe2 f5 16. Nc3 e4 17. Nd2 Qg5 18. f4 Qf6 19. Nb3 Nd4 20. Nxd4 Qxd4+ 21. Rf2 Bc4 22. Qe1 Rac8 23. Kh2 Qb6 24. b3 Bb5 25. Nxb5 Qxb5 26. c4 Qd7 27. Qe3 Qd4 28. Qxd4 Rxd4 29. Re2 Rcd8 30. Rae1 Kf7 31. h4 a5 32. a4 Rd3 33. Rb2 Rd2 34. Rbb1 Rc2 35. Rbd1 Rxd1 36. Rxd1 Ke6 37. Rd5 b6 38. Rb5 e3 39. Re5+ Kd6 40. Rxe3 g6 41. Re5 Rc3 42. Rb5 Kc6 43. Kg1 Rd3 44. Kf2 Rc3 45. Kg1 Re3 46. Kf2 Re4 47. Kf3 Rd4 48. Ke3 Rd1 49. Ke2 Rh1 50. g3 Rh2+ 51. Ke3 Rc2 52. Kf3 h6 53. Ke3 Rc3+ 54. Kf2 Rd3 55. Kg2 Rd6 56. h5 Rd2+ 57. Kh3 gxh5 58. Rxf5 Rb2 59. Rb5 Rb1 60. Kg2 Rb2+ 61. Kf3 Rb1 62. Kg2 Rb2+ 63. Kf3 Rb1 64. Kg2 Rb2+ 65. Kh3 Rb1 66. Rxh5 Rxb3 67. Rxh6+ Kc5 68. f5 Kxc4 69. Rh4+ Kd5 70. Rf4 Rb4 71. Kg4 Rxf4+ 72. Kxf4 b5 73. axb5 a4 74. b6 a3 75. b7 a2 76. b8Q a1Q 0-1

[Event "Lleida Province-ch"]
[Site "Lleida"]
[Date "2012.10.14"]
[Round "2"]
[White "Monell Camarasa, David"]
[Black "Ferrer Font, Jordi"]
[Result "1-0"]
[WhiteElo "2259"]
[BlackElo "1798"]
[PlyCount "107"]
[EventDate "2012.10.07"]
[EventType "swiss"]
[EventRounds "9"]
[EventCountry "ESP"]
[SourceTitle "EXT 2015"]
[Source "ChessBase"]
[SourceDate "2014.11.20"]
[SourceVersion "1"]
[SourceVersionDate "2014.11.20"]
[SourceQuality "1"]

1. d4 d5 2. c4 dxc4 3. Nc3 Nf6 4. Nf3 Bg4 5. Ne5 Bh5 6. Qa4+ c6 7. Qxc4 e6 8. Bg5 Be7 9. f3 Nbd7 10. g4 Bg6 11. h4 Qa5 12. Nxd7 Kxd7 13. Qb3 h6 14. Qxb7+ Qc7 15. Qxc7+ Kxc7 16. Bf4+ Kb7 17. e4 Rhd8 18. Rd1 Rac8 19. h5 Bh7 20. Bc4 Nd7 21. Rh2 Nb6 22. Bb3 Bg8 23. d5 cxd5 24. exd5 exd5 25. Nxd5 Bc5 26. Nxb6 axb6 27. a3 Rxd1+ 28. Kxd1 Re8 29. Re2 Rxe2 30. Kxe2 Bd4 31. Bd5+ Kc8 32. b3 Kd7 33. Be3 Bb2 34. Bxb6 Bxa3 35. Bd4 Bf8 36. Bc4 Ke8 37. Bc3 Bh7 38. Ba5 f6 39. Bb5+ Kf7 40. Bd3 Bxd3+ 41. Kxd3 g6 42. hxg6+ Kxg6 43. Ke4 Bd6 44. b4 Kg5 45. b5 h5 46. Bd2+ Kg6 47. gxh5+ Kxh5 48. Kf5 Be5 49. b6 Kh4 50. b7 Kg3 51. f4 Bb8 52. Kxf6 Kf3 53. f5 Ke4 54. Ke6 1-0

[Event "Balaguer op 17th"]
[Site "Balaguer"]
[Date "2012.06.23"]
[Round "8"]
[White "Ferrer Font, Jordi"]
[Black "Sole Pijuan, Ferran"]
[Result "1-0"]
[WhiteElo "1804"]
[BlackElo "1539"]
[PlyCount "55"]
[EventDate "2012.06.16"]
[EventType "swiss"]
[EventRounds "9"]
[EventCountry "ESP"]
[SourceTitle "EXT 2013"]
[Source "ChessBase"]
[SourceDate "2012.11.22"]
[SourceVersion "1"]
[SourceVersionDate "2012.11.22"]
[SourceQuality "1"]

1. e4 e5 2. Nf3 Nc6 3. Bc4 Bc5 4. d3 d6 5. c3 Nf6 6. Bb3 0-0 7. 0-0 Bg4 8. h3 Bh5 9. Nbd2 d5 10. Re1 dxe4 11. dxe4 h6 12. Qe2 Qe7 13. Nf1 Rad8 14. Ng3 Bg6 15. Nh4 Bh7 16. Nhf5 Qe8 17. Qf3 Ne7 18. Nxh6+ gxh6 19. Qxf6 Qc6 20. Qxh6 Qxh6 21. Bxh6 Rfe8 22. Rad1 Nc6 23. Bg5 Rxd1 24. Rxd1 Bb6 25. Rd7 Bg6 26. h4 Na5 27. h5 Bh7 28. Bxf7+ 1-0

[Event "Lleida Province-chB"]
[Site "Lleida"]
[Date "2011.11.13"]
[Round "7"]
[White "Ferrer Font, Jordi"]
[Black "Font Garcia, Xavier"]
[Result "1-0"]
[WhiteElo "1801"]
[BlackElo "1745"]
[PlyCount "81"]
[EventDate "2011.10.09"]
[EventType "swiss"]
[EventRounds "9"]
[EventCountry "ESP"]
[SourceTitle "EXT 2017"]
[Source "ChessBase"]
[SourceDate "2016.10.25"]
[SourceVersion "1"]
[SourceVersionDate "2016.10.25"]
[SourceQuality "1"]

1. e4 d5 2. exd5 Qxd5 3. Nc3 Qa5 4. d4 Nf6 5. Nf3 Bg4 6. Be2 e6 7. 0-0 Nbd7 8. Bd2 c6 9. Ne4 Qc7 10. Ng3 h5 11. Re1 Bd6 12. Bc3 0-0-0 13. Ng5 Rdf8 14. Nf1 Bf4 15. Bd2 Bxg5 16. Bxg5 Qb6 17. Ne3 Bxe2 18. Rxe2 Qxb2 19. Nc4 Qb4 20. Ne5 Nd5 21. a3 Qd6 22. Bd2 Rhg8 23. c4 Nc7 24. Bb4 c5 25. Nxd7 Qxd7 26. Bxc5 Re8 27. Bxa7 Na6 28. Rb2 g6 29. Rab1 b5 30. cxb5 Qxa7 31. bxa6 Re7 32. Qc2+ Rc7 33. Qe4 Kd7 34. Qd3 Rgc8 35. h3 Ke8 36. Rb7 Qa8 37. Qb5+ Ke7 38. Rb8 Rc1+ 39. Rxc1 Rxb8 40. Rc7+ Kf6 41. Qe5# 1-0

[Event "Lleida Province-chB"]
[Site "Lleida"]
[Date "2011.11.06"]
[Round "6"]
[White "Aldoma Pubill, Roger"]
[Black "Ferrer Font, Jordi"]
[Result "1/2-1/2"]
[WhiteElo "1686"]
[BlackElo "1801"]
[PlyCount "40"]
[EventDate "2011.10.09"]
[EventType "swiss"]
[EventRounds "9"]
[EventCountry "ESP"]
[SourceTitle "EXT 2017"]
[Source "ChessBase"]
[SourceDate "2016.10.25"]
[SourceVersion "1"]
[SourceVersionDate "2016.10.25"]
[SourceQuality "1"]

1. e4 e5 2. Nf3 Nf6 3. Nc3 Nc6 4. Bc4 Nxe4 5. Nxe4 d5 6. Bd3 dxe4 7. Bxe4 Bd6 8. 0-0 0-0 9. h3 Be6 10. Re1 Qf6 11. d3 h6 12. b3 Rfe8 13. Bb2 Bd7 14. Qd2 Rab8 15. d4 exd4 16. Nxd4 Be5 17. Nxc6 Bxc6 18. Bxe5 Rxe5 19. Bxc6 Rxe1+ 20. Rxe1 Qxc6 1/2-1/2

[Event "Balaguer op 16th "]
[Site "Balaguer"]
[Date "2011.07.22"]
[Round "6"]
[White "Ferrer Font, Jordi"]
[Black "Flotats Ardiaca, Sergi"]
[Result "1-0"]
[WhiteElo "1815"]
[BlackElo "1640"]
[PlyCount "85"]
[EventDate "2011.07.17"]
[EventType "swiss"]
[EventRounds "9"]
[EventCountry "ESP"]
[SourceTitle "CBM 143 Extra"]
[Source "ChessBase"]
[SourceDate "2011.08.29"]
[SourceVersion "1"]
[SourceVersionDate "2011.08.29"]
[SourceQuality "1"]

1. e4 c6 2. d4 d5 3. exd5 cxd5 4. Bd3 Nc6 5. c3 Nf6 6. h3 e6 7. Nf3 h6 8. 0-0 Bd6 9. Re1 0-0 10. Qe2 Bd7 11. Ne5 Rc8 12. f4 Bb8 13. Nd2 Nxe5 14. fxe5 Nh7 15. Nf3 a6 16. Bb1 Re8 17. Bd3 Nf8 18. Bf4 f5 19. Kh1 Bb5 20. Qd2 g5 21. Bh2 Rc7 22. a4 Bc6 23. Bg3 Rg7 24. Nh2 Ree7 25. Bc2 Be8 26. Nf1 Bg6 27. Bf2 Ref7 28. Nh2 h5 29. g3 f4 30. Bxg6 Nxg6 31. Rac1 Qf8 32. Rf1 fxg3 33. Bxg3 h4 34. Rxf7 Rxf7 35. Qxg5 hxg3 36. Qxg6+ Rg7 37. Qxe6+ Kh7 38. Qxd5 gxh2 39. Qe4+ Kh8 40. Qe2 Qf4 41. Rf1 Qg3 42. Rf8+ Kh7 43. Qh5# 1-0

[Event "Balaguer op 16th "]
[Site "Balaguer"]
[Date "2011.07.17"]
[Round "1"]
[White "Ferrer Font, Jordi"]
[Black "Guerra Mendez, Jose Angel"]
[Result "0-1"]
[WhiteElo "1815"]
[BlackElo "2450"]
[PlyCount "80"]
[EventDate "2011.07.17"]
[EventType "swiss"]
[EventRounds "9"]
[EventCountry "ESP"]
[SourceTitle "EXT 2012"]
[Source "ChessBase"]
[SourceDate "2011.11.24"]
[SourceVersion "1"]
[SourceVersionDate "2011.11.24"]
[SourceQuality "1"]

1. e4 c5 2. Nc3 d6 3. g3 Nc6 4. Bg2 g6 5. Nge2 Bg7 6. d3 e6 7. Be3 Nd4 8. Qd2 Ne7 9. 0-0 0-0 10. Nc1 b6 11. Nd1 Ba6 12. c3 Ndc6 13. Bh6 Bxh6 14. Qxh6 d5 15. Qe3 Qd6 16. f4 dxe4 17. Qxe4 Rad8 18. Nf2 Nd5 19. Re1 b5 20. Nb3 c4 21. dxc4 bxc4 22. Nd4 Nxd4 23. Qxd4 Qb6 24. Qxb6 Nxb6 25. Rad1 Na4 26. Rxd8 Rxd8 27. Rd1 Rb8 28. Rd7 Rxb2 29. Rxa7 Rb1+ 30. Bf1 Nc5 31. Rc7 Nd3 32. Ne4 e5 33. Ng5 exf4 34. gxf4 Bb7 35. Nxf7 Bf3 36. Re7 Kf8 37. Re3 Bd5 38. Ng5 h6 39. Ne4 Nxf4 40. Ng3 Nh3# 0-1